000 00534nam a2200193Ia 4500
005 20260119144242.0
008 008 260114s9999 xx 000 0 eng d
020 _a9780081023938
037 _aEBOOK
040 _aCRL
_beng
_cCRL
041 _aeng
_2eng
084 _qCRL
100 _aMaffucci, Antonio
_9903411
245 0 _aCarbon-Based Nanoelectromagnetics
260 _aElsevier
_bElsevier
_c2019
856 _uhttps://www.sciencedirect.com/science/book/9780081023938
942 _cEBOOK
999 _c1495503
_d1495503